01068nam a2200277Ia 450000500170000000800410001702000180005804000180007604100080009408200230010210000300012524500800015525000120023526000460024730000300029365000460032365000250036965000390039465000250043365000320045870000280049070000270051894200320054599900190057795201940059620250311101532.0210716s2017 xx 000 0 und d a9789386235633 cAIMIT LIBRARY aeng a005.1372 21bSATC aSatyanarayana, Ch.952292 aPython programming /cBy Ch Satyanarayana, M Radhika Mani and B N Jagadesh. a1st ed. aNew Delhi :bWiley India Pvt Ltd ,c2017. axiv, 366p. ;c24.5 cmbPB aFundamentals of python programming952293 aDictionaries9205534 aFiles and directory access9205535 aManaging data952294 aAnswers to exercises952295 aMani, M Radhika.952296 aJagadesh, B N.9205527 2ddccBKe1stk005.1372 SATC c197053d197053 00102ddc40708MCAaAIMITbAIMITd2017-03-08eKnowledge Worldg499.00iBill no:335; Bill dt:2017-02-28l2o005.1372 SATCpMCA15291r2026-05-23 00:00:00s2025-10-28v389.22w2021-07-16yBK